Government of India (Record no. 120978)

MARC details
000 -LEADER
fixed length control field 00915cai a22002055a 4500
001 - CONTROL NUMBER
control field L156068
008 - FIXED-LENGTH DATA ELEMENTS--GENERAL INFORMATION
fixed length control field 120427u2012 xxk g 000 0 eng d
035 ## - SYSTEM CONTROL NUMBER
System control number (Sirsi) u156068
041 0# - LANGUAGE CODE
Language code of text/sound track or separate title eng
110 2# - MAIN ENTRY--CORPORATE NAME
Corporate name or jurisdiction name as entry element Government of India
Subordinate unit Bureau of Energy Efficiency
9 (RLIN) 6053
245 00 - TITLE STATEMENT
Title Government of India
Remainder of title Bureau of Energy Efficiency
Medium [electronic resource]
260 ## - PUBLICATION, DISTRIBUTION, ETC.
Place of publication, distribution, etc. New Delhi
Name of publisher, distributor, etc. BEE
Date of publication, distribution, etc. 2012
520 ## - SUMMARY, ETC.
Summary, etc. Website for the Bureau of Energy Efficiency (BEE) developing policies and strategies with an emphasis on self-regulation and market principles within the overall framework of the Energy Conservation Act, 2001. It has the primary objective of reducing the energy consumption of the Indian economy.
590 ## - LOCAL NOTE (RLIN)
Local note KA
651 #4 - SUBJECT ADDED ENTRY--GEOGRAPHIC NAME
Geographic name India
690 ## - LOCAL SUBJECT ADDED ENTRY--TOPICAL TERM (OCLC, RLIN)
Topical term or geographic name as entry element Energy
9 (RLIN) 6237
690 ## - LOCAL SUBJECT ADDED ENTRY--TOPICAL TERM (OCLC, RLIN)
Topical term or geographic name as entry element Environment
9 (RLIN) 6238
856 40 - ELECTRONIC LOCATION AND ACCESS
Uniform Resource Identifier <a href="https://www.beeindia.in/index.php">https://www.beeindia.in/index.php</a>
Public note View the website free of charge at www.beeindia.in
942 ## - ADDED ENTRY ELEMENTS (KOHA)
Suppress in OPAC 0
Holdings
Withdrawn status Lost status Source of classification or shelving scheme Damaged status Not for loan Home library Current library Shelving location Date acquired Total Checkouts Full call number Barcode Date last seen Copy number Price effective from Koha item type
    Dewey Decimal Classification     Virtual Virtual Online 27/04/2012   WEBSITE 156068-2001 06/08/2019 1 06/08/2019 Online material